Narcotráfico en la Región Andina

Сохранить в:
Библиографические подробности
Формат:
Язык:Spanish
Метки: Добавить метку
Нет меток, Требуется 1-ая метка записи!

MARC

LEADER 00000nam a22000007a 4500
003 cru CIDCACS/IIS
005 20170525141528.0
007 ta
008 170525b1989 pe ||||| |||| 00| 0 spa d
040 |c cru CIDCACS/IIS 
245 1 |a Narcotráfico en la Región Andina 
300 |a páginas 14-24 
773 0 |0 19374  |9 927  |a Comisión Andina de Juristas  |d Lima, Perú Comisión Andina de Juristas  |o 17660  |t Boletín / 
942 |2 ddc  |c PP 
999 |c 19399  |d 19399